000 00602cam a2200145 4500500
005 20260208005815.0
041 _afre
042 _adc
100 1 0 _aPascal, Gabrielle
_eauthor
245 0 0 _a« Stendhal et le comique ». Textes réunis par DANIEL SANGSUE. Ellug, Université de Grenoble, 1999. Un vol. 14 × 21,5 de 312 p.
260 _c2005.
500 _a3
786 0 _nRevue d'histoire littéraire de la France | 105 | 1 | 2005-02-01 | p. 231l-253l | 0035-2411
856 4 1 _uhttps://shs.cairn.info/revue-d-histoire-litteraire-de-la-france-2005-1-page-231l?lang=fr&redirect-ssocas=7080
999 _c1653859
_d1653859